[Event "20th EUR-ch"]
[Site "Skopje MKD"]
[Date "2019.03.24"]
[Round "6"]
[White "Ingebretsen, Jens E"]
[Black "Haldorsen, Benjamin"]
[Result "1/2-1/2"]
[WhiteElo "2243"]
[BlackElo "2448"]
[EventDate "2019.03.18"]
[Board "120"]
[PlyCount "171"]

1.c4 c5 2.Nf3 Nc6 3.Nc3 e5 4.g3 g6 5.Bg2 Bg7 6.O-O Nge7 7.d3 O-O 8.a3 d6 
9.Rb1 a5 10.Ne1 Be6 11.Nc2 d5 12.cxd5 Nxd5 13.Ne4 b6 14.Ng5 Bc8 15.Ne3 
Nde7 16.b4 axb4 17.axb4 cxb4 18.Bd2 Ra2 19.Bxb4 Nxb4 20.Rxb4 Bh6 21.h4 
Bxg5 22.hxg5 Nf5 23.Nd5 Qxg5 24.Nc3 Ra6 25.Qb1 h5 26.Ne4 Qd8 27.Qb2 Ra5 
28.Rxb6 Qd4 29.Rc1 Be6 30.Rc7 Rd8 31.Qxd4 Nxd4 32.e3 Nf5 33.Ng5 Ba2 34.Be4
Nd6 35.Bg2 Nf5 36.Rbb7 Nd6 37.Ra7 Rxa7 38.Rxa7 Bb3 39.Nf3 f6 40.d4 exd4 
41.Nxd4 Bf7 42.Nc6 Re8 43.Rd7 Nc4 44.Rxf7 Kxf7 45.Bd5+ Kg7 46.Bxc4 f5 47.
Kg2 h4 48.gxh4 Re4 49.Bd5 Rxh4 50.Ne5 Ra4 51.Bc6 Ra5 52.Nd3 g5 53.Kf3 Kf6 
54.Nb4 Rc5 55.Bd7 Ke7 56.Ba4 Rc8 57.Nd5+ Kd6 58.Bb3 Rc5 59.Nf6 Rc3 60.Ba2 
Ke5 61.Nd7+ Kd6 62.Nf6 Ke5 63.Nh7 g4+ 64.Kg2 Rc2 65.Bb3 Rb2 66.Bd1 Rd2 67.
Ba4 Ra2 68.Bd7 Rd2 69.Nf8 f4 70.exf4+ Kxf4 71.Bc8 Rc2 72.Bd7 Rd2 73.Ne6+ 
Ke5 74.Nc5 Rd5 75.Bxg4 Rxc5 76.Kg3 Rc3+ 77.f3 Rd3 78.Bc8 Rd8 79.Bh3 Rg8+ 
80.Bg4 Rg7 81.Kf2 Kf4 82.Ke2 Rg8 83.Kd3 Rd8+ 84.Kc3 Ke5 85.f4+ Kxf4 86.Be6
1/2-1/2

[Event "20th EUR-ch"]
[Site "Skopje MKD"]
[Date "2019.03.24"]
[Round "6"]
[White "Milikow, Elie"]
[Black "Banzea, Alexandru-Bogdan"]
[Result "1/2-1/2"]
[WhiteElo "2226"]
[BlackElo "2427"]
[EventDate "2019.03.18"]
[Board "121"]
[PlyCount "65"]

1.e4 e6 2.d4 d5 3.Nd2 c5 4.exd5 Qxd5 5.Ngf3 cxd4 6.Bc4 Qd7 7.O-O Nc6 8.Nb3
a6 9.Nbxd4 Nxd4 10.Qxd4 Qxd4 11.Nxd4 Bd7 12.Be2 Bc5 13.Nb3 Bb6 14.Bf3 Bc6 
15.Bxc6+ bxc6 16.Re1 Nf6 17.Be3 Bxe3 18.Rxe3 Nd5 19.Rg3 O-O 20.c4 Nb6 21.
Na5 Rfd8 22.Nxc6 Rd2 23.b3 a5 24.Kf1 a4 25.c5 Nd5 26.b4 Rc8 27.b5 Rb2 28.
Rd1 Kf8 29.Rf3 Ke8 30.Ne5 Rxc5 31.Nd3 Rcc2 32.Nxb2 Rxb2 33.Ra3 1/2-1/2

[Event "20th EUR-ch"]
[Site "Skopje MKD"]
[Date "2019.03.24"]
[Round "6"]
[White "Tifferet, Shaked"]
[Black "Erdogdu, Mert"]
[Result "1-0"]
[WhiteElo "2219"]
[BlackElo "2413"]
[EventDate "2019.03.18"]
[Board "122"]
[PlyCount "55"]

1.e4 c5 2.Nf3 d6 3.d4 cxd4 4.Nxd4 Nf6 5.Nc3 a6 6.Nb3 g6 7.Be2 Bg7 8.g4 h6 
9.Be3 Nbd7 10.f4 b5 11.Bf3 Bb7 12.e5 Bxf3 13.Qxf3 dxe5 14.g5 hxg5 15.fxg5 
e4 16.Qg2 Nh5 17.O-O-O b4 18.Nd5 O-O 19.Nb6 Ra7 20.Qd2 Qxb6 21.Bxb6 Nxb6 
22.Qxb4 Rb8 23.Qxe4 Rc7 24.c3 Nc4 25.Rd5 Nd6 26.Qf3 Rbc8 27.Kb1 Nc4 28.Rd4
1-0

[Event "20th EUR-ch"]
[Site "Skopje MKD"]
[Date "2019.03.24"]
[Round "6"]
[White "Ioannidis, Evgenios"]
[Black "Ozenir, Ekin Baris"]
[Result "1-0"]
[WhiteElo "2412"]
[BlackElo "2265"]
[EventDate "2019.03.18"]
[Board "123"]
[PlyCount "75"]

1.d4 Nf6 2.c4 e6 3.Nf3 b6 4.g3 Bb7 5.Bg2 g6 6.Nc3 Bg7 7.d5 exd5 8.cxd5 O-O
9.O-O Re8 10.Re1 c5 11.e4 d6 12.e5 dxe5 13.Nxe5 Na6 14.d6 Qc8 15.Bg5 Bxg2 
16.Bxf6 Bxf6 17.d7 Qb7 18.dxe8=Q+ Rxe8 19.Nd7 Rxe1+ 20.Qxe1 Qxd7 21.Kxg2 
Nb4 22.Qe4 Qc6 23.Qxc6 Nxc6 24.Rd1 Bd4 25.Nb5 Bxb2 26.Rd6 Ne5 27.Nxa7 c4 
28.Rxb6 c3 29.Rb8+ Kg7 30.Rc8 Nd3 31.Kf1 Nb4 32.a3 Nc2 33.Nb5 Nxa3 34.Nxa3
Bxa3 35.Rxc3 Bd6 36.Rc6 Bb8 37.Ke2 h6 38.Rb6 1-0

[Event "20th EUR-ch"]
[Site "Skopje MKD"]
[Date "2019.03.24"]
[Round "6"]
[White "Fernandes, Antonio"]
[Black "Gueci, Tea"]
[Result "1/2-1/2"]
[WhiteElo "2405"]
[BlackElo "2252"]
[EventDate "2019.03.18"]
[Board "124"]
[PlyCount "96"]

1.e4 c5 2.Nf3 Nc6 3.Bb5 g6 4.O-O Bg7 5.h3 e5 6.Bxc6 dxc6 7.d3 Qe7 8.Be3 
Nf6 9.Qd2 h6 10.Na3 Be6 11.Nxe5 Nxe4 12.dxe4 Bxe5 13.c3 Rd8 14.Qe2 Bg7 15.
f4 f5 16.exf5 Bxf5 17.Rfe1 O-O 18.Qf2 b6 19.Bd4 Qf7 20.Bxg7 Kxg7 21.b3 Bd3
22.Re3 Rd7 23.Rd1 Rfd8 24.Rde1 Qf6 25.Qf3 b5 26.Kh1 c4 27.Re6 Qxc3 28.Qxc6
Qb4 29.Nxb5 cxb3 30.axb3 Qxf4 31.Qc3+ Kg8 32.Na3 Qd4 33.Qc1 Qg7 34.Nc4 Bf5
35.R6e5 Rf8 36.Qe3 Rff7 37.Qc5 Rc7 38.Qa3 Qf6 39.Qa5 Bxh3 40.Qd2 Rcd7 41.
Qxh6 Bxg2+ 42.Kh2 Bd5 43.Re8+ Rf8 44.Rxf8+ Qxf8 45.Qxg6+ Rg7 46.Qe8 Rh7+ 
47.Kg3 Rg7+ 48.Kh4 Rh7+ 1/2-1/2

[Event "20th EUR-ch"]
[Site "Skopje MKD"]
[Date "2019.03.24"]
[Round "6"]
[White "Soysal, Serkan"]
[Black "Heinemann, Josefine"]
[Result "1-0"]
[WhiteElo "2405"]
[BlackElo "2238"]
[EventDate "2019.03.18"]
[Board "125"]
[PlyCount "79"]

1.d4 Nf6 2.Nf3 g6 3.g3 Bg7 4.Bg2 d5 5.O-O O-O 6.c3 Ne4 7.Nbd2 Nxd2 8.Bxd2 
Nd7 9.Bf4 c6 10.Re1 Nf6 11.a4 a5 12.Qb3 Ne4 13.Rad1 Nd6 14.Nd2 Be6 15.Qa3 
Bf5 16.f3 Re8 17.e4 dxe4 18.fxe4 Bg4 19.Nf3 Qb6 20.e5 Nf5 21.e6 fxe6 22.
Qa2 Kh8 23.Rxe6 Nd6 24.Rde1 Bxe6 25.Rxe6 c5 26.Ne5 Rf8 27.Nd7 Qc7 28.Nxc5 
b6 29.Ne4 Rxf4 30.gxf4 Bxd4+ 31.cxd4 Qc1+ 32.Bf1 Qxf4 33.Qd5 Qg4+ 34.Ng3 
Rf8 35.Qe5+ Kg8 36.Rxe7 Nf7 37.Qf6 h5 38.Bc4 Qd1+ 39.Nf1 Qg4+ 40.Kh1 1-0

[Event "20th EUR-ch"]
[Site "Skopje MKD"]
[Date "2019.03.24"]
[Round "6"]
[White "Sahin, Ozgun"]
[Black "Gadimbayli, Abdulla"]
[Result "1-0"]
[WhiteElo "2221"]
[BlackElo "2404"]
[EventDate "2019.03.18"]
[Board "126"]
[PlyCount "41"]

1.e4 e6 2.d4 d5 3.exd5 exd5 4.Bd3 Nc6 5.c3 Bd6 6.Qf3 Nf6 7.h3 Ne4 8.Ne2 
O-O 9.Bf4 f5 10.h4 Be7 11.Qh3 Be6 12.Nd2 Bf7 13.Qxf5 Bg6 14.Qh3 Kh8 15.h5 
Bf5 16.g4 Nxf2 17.Kxf2 Bxd3 18.Qxd3 Bd6 19.Kg3 Rxf4 20.Nxf4 Qf6 21.Qf5 1-0

[Event "20th EUR-ch"]
[Site "Skopje MKD"]
[Date "2019.03.24"]
[Round "6"]
[White "Nikolovski, Nikola"]
[Black "Tadic, Stefan"]
[Result "1-0"]
[WhiteElo "2404"]
[BlackElo "2223"]
[EventDate "2019.03.18"]
[Board "127"]
[PlyCount "79"]

1.e4 c5 2.Nf3 Nc6 3.d4 cxd4 4.Nxd4 Nf6 5.Nc3 e6 6.Nxc6 bxc6 7.Bd3 d5 8.O-O
Be7 9.Kh1 O-O 10.f4 Re8 11.Qe2 Bf8 12.Bd2 c5 13.b3 Bb7 14.e5 Nd7 15.Rf3 g6
16.Rh3 f5 17.exf6 Nxf6 18.Bb5 Re7 19.Re1 Bg7 20.Bd3 Kf8 21.Na4 Rc8 22.Bc1 
Kg8 23.f5 e5 24.fxg6 Qd7 25.gxh7+ Kh8 26.Bg6 d4 27.Rg3 Nd5 28.Bg5 Qd6 29.
Bxe7 Qxe7 30.Be4 Rf8 31.Rf3 Nf4 32.Qf1 Bc8 33.Nb2 Bg4 34.Rf2 Rf6 35.Nd3 
Bh6 36.Nxf4 Rxf4 37.Rxf4 Bxf4 38.g3 Be3 39.Qb5 Qf8 40.Rf1 1-0

[Event "20th EUR-ch"]
[Site "Skopje MKD"]
[Date "2019.03.24"]
[Round "6"]
[White "Semjonovs, Ilja"]
[Black "Van Dael, Siem"]
[Result "1-0"]
[WhiteElo "2401"]
[BlackElo "2207"]
[EventDate "2019.03.18"]
[Board "128"]
[PlyCount "151"]

1.Nf3 Nf6 2.g3 g6 3.b3 Bg7 4.Bb2 b6 5.Bg2 Bb7 6.c4 c5 7.O-O O-O 8.d4 cxd4 
9.Qxd4 Nc6 10.Qe3 d5 11.Rd1 Qc7 12.Na3 Rad8 13.cxd5 Nxd5 14.Qc1 Bxb2 15.
Qxb2 Nf6 16.Rdc1 Qd7 17.Nc4 Nd4 18.Qxd4 Qxd4 19.Nxd4 Bxg2 20.Nb5 Bd5 21.
Nxa7 Bxc4 22.Rxc4 Rd2 23.Kf1 Ra8 24.Rc8+ Rxc8 25.Nxc8 Nd5 26.e4 Nc3 27.
Nxe7+ Kf8 28.Nd5 Nxe4 29.Nxb6 Rxf2+ 30.Kg1 Rc2 31.Nc4 Ng5 32.a4 Nf3+ 33.
Kf1 Nxh2+ 34.Ke1 Nf3+ 35.Kd1 Rg2 36.Ra3 Nd4 37.b4 Rc2 38.Ne5 f6 39.Nd3 Rc4
40.Kd2 Rc2+ 41.Ke3 Nf5+ 42.Kf3 Ke7 43.g4 Nd6 44.Ra1 Rd2 45.Nc5 Rb2 46.Re1+
Kf7 47.Rd1 Ke7 48.Rd4 f5 49.g5 Nf7 50.Rd7+ Ke8 51.Rb7 Ne5+ 52.Ke3 Ng4+ 53.
Kf4 Rc2 54.a5 Rc4+ 55.Kf3 Rc3+ 56.Ke2 f4 57.Nd3 f3+ 58.Kxf3 Ne5+ 59.Ke4 
Nxd3 60.a6 Nxb4 61.a7 Ra3 62.Rxh7 Nc6 63.Rh8+ Ke7 64.a8=Q Rxa8 65.Rxa8 Nd8
66.Ra7+ Kf8 67.Ra5 Nf7 68.Kf4 Kg7 69.Ra8 Kh7 70.Ra7 Kg8 71.Ra5 Kg7 72.Ke4 
Kf8 73.Ra8+ Ke7 74.Ra7+ Kf8 75.Rxf7+ Kxf7 76.Kd5 1-0

[Event "20th EUR-ch"]
[Site "Skopje MKD"]
[Date "2019.03.24"]
[Round "6"]
[White "Eric, Jovana"]
[Black "Osmak, Iulija"]
[Result "0-1"]
[WhiteElo "2205"]
[BlackElo "2399"]
[EventDate "2019.03.18"]
[Board "129"]
[PlyCount "82"]

1.e4 e6 2.d3 d5 3.Nd2 Nf6 4.Ngf3 Bc5 5.c3 dxe4 6.dxe4 Ng4 7.Nd4 e5 8.N2b3 
Bb6 9.Be2 Nf6 10.Nf5 Bxf2+ 11.Kf1 Qxd1+ 12.Bxd1 Bxf5 13.exf5 Bb6 14.Bc2 
Nbd7 15.Ke2 h6 16.a4 a5 17.Nd2 c6 18.Nc4 Bc7 19.Bd2 Nb6 20.Nxb6 Bxb6 21.
Rhe1 O-O-O 22.b4 Kc7 23.Rad1 Rd7 24.c4 axb4 25.Bxb4 Ra8 26.Kf3 Ba5 27.
Rxd7+ Nxd7 28.Bxa5+ Rxa5 29.g4 Nb6 30.Bb3 f6 31.Ra1 Kd6 32.h4 Kc5 33.Rb1 
Ra7 34.Rd1 Kb4 35.Rd3 Ra8 36.Ke4 Kc5 37.Kf3 Re8 38.Ke4 Re7 39.a5 Nxc4 40.
a6 Nd6+ 41.Ke3 bxa6 0-1

[Event "20th EUR-ch"]
[Site "Skopje MKD"]
[Date "2019.03.24"]
[Round "6"]
[White "Berzinsh, Roland"]
[Black "Milikow, Yoav"]
[Result "1-0"]
[WhiteElo "2397"]
[BlackElo "2200"]
[EventDate "2019.03.18"]
[Board "130"]
[PlyCount "69"]

1.e4 e6 2.d4 d5 3.Nc3 Bb4 4.e5 c5 5.a3 Ba5 6.b4 cxd4 7.Qg4 Kf8 8.Nb5 Bb6 
9.Nf3 Nc6 10.Bb2 Nge7 11.Nbxd4 h5 12.Qf4 Ng6 13.Nxc6 bxc6 14.Qg3 Ne7 15.
Bd3 Nf5 16.Qf4 a5 17.O-O h4 18.c4 Qe7 19.Bxf5 exf5 20.Bd4 Bxd4 21.Nxd4 g5 
22.Qd2 Bd7 23.cxd5 cxd5 24.bxa5 Kg7 25.Rfe1 Kg6 26.Rab1 Rhb8 27.Rb4 Rc8 
28.Rb6+ Kh7 29.Rb7 Kg6 30.Nxf5 Kxf5 31.Qd3+ Ke6 32.Rb6+ Bc6 33.Qh3+ f5 34.
exf6+ Kxf6 35.Qf3+ 1-0

[Event "20th EUR-ch"]
[Site "Skopje MKD"]
[Date "2019.03.24"]
[Round "6"]
[White "Badelka, Olga"]
[Black "Martinkus, Rolandas"]
[Result "1-0"]
[WhiteElo "2384"]
[BlackElo "2185"]
[EventDate "2019.03.18"]
[Board "131"]
[PlyCount "83"]

1.d4 d6 2.e4 g6 3.c4 Bg7 4.Nc3 e5 5.d5 f5 6.exf5 gxf5 7.Qh5+ Kf8 8.Bd3 Qe8
9.Qh4 a5 10.Nge2 Bf6 11.Bg5 Qe7 12.Bxf6 Qxf6 13.Qxf6+ Nxf6 14.f3 Na6 15.b3
Nb4 16.Bb1 c6 17.a3 Na6 18.dxc6 bxc6 19.Bc2 Be6 20.Ng3 f4 21.Nge4 Nxe4 22.
Nxe4 Ke7 23.O-O-O Rad8 24.g3 Rhf8 25.Rhg1 h6 26.Rde1 a4 27.b4 Bxc4 28.gxf4
Rxf4 29.Rg6 Bd5 30.Rxh6 Bxe4 31.fxe4 c5 32.b5 Nc7 33.Rh7+ Rf7 34.Rxf7+ 
Kxf7 35.Bxa4 c4 36.b6 Ne6 37.Bc6 Ke7 38.b7 Rh8 39.Bd5 c3 40.Bxe6 Kxe6 41.
Kc2 Rxh2+ 42.Kxc3 1-0

[Event "20th EUR-ch"]
[Site "Skopje MKD"]
[Date "2019.03.24"]
[Round "6"]
[White "Smirnova, Ekaterina"]
[Black "Arsovic, Goran"]
[Result "0-1"]
[WhiteElo "2178"]
[BlackElo "2380"]
[EventDate "2019.03.18"]
[Board "132"]
[PlyCount "92"]

1.d4 Nf6 2.c4 g6 3.Nc3 Bg7 4.e4 d6 5.Be2 O-O 6.Bg5 c5 7.d5 e6 8.Qd2 exd5 
9.exd5 Qb6 10.Nf3 Bf5 11.Nh4 Ne4 12.Nxe4 Bxe4 13.f3 h6 14.Bxh6 Bxh6 15.
Qxh6 Qxb2 16.Rc1 Re8 17.Qd2 Qf6 18.g3 Bf5 19.Nxf5 Qxf5 20.O-O Nd7 21.f4 
Re7 22.Rb1 b6 23.Bf3 Nf6 24.Rbe1 Rae8 25.Rxe7 Rxe7 26.a4 Re8 27.Qc3 Ne4 
28.Qb2 Qf6 29.Qxf6 Nxf6 30.a5 bxa5 31.Ra1 Re3 32.Kf2 Rc3 33.Rxa5 Rxc4 34.
Rxa7 Rc2+ 35.Kg1 c4 36.Ra8+ Kg7 37.Rd8 c3 38.Rc8 Nd7 39.Rc4 Nc5 40.Kf1 Kf6
41.h4 Kg7 42.g4 Nd3 43.Be2 Rc1+ 44.Kg2 Ne1+ 45.Kf2 c2 46.Ke3 Rd1 0-1

[Event "20th EUR-ch"]
[Site "Skopje MKD"]
[Date "2019.03.24"]
[Round "6"]
[White "Drazic, Sinisa"]
[Black "Isik, Alparslan"]
[Result "1/2-1/2"]
[WhiteElo "2370"]
[BlackElo "2180"]
[EventDate "2019.03.18"]
[Board "133"]
[PlyCount "48"]

1.c4 g6 2.g3 Bg7 3.Bg2 e5 4.Nc3 d6 5.d3 Nc6 6.Rb1 a5 7.a3 f5 8.b4 axb4 9.
axb4 Nf6 10.Bg5 h6 11.Bxf6 Qxf6 12.e3 Ne7 13.Nge2 O-O 14.O-O g5 15.f4 c6 
16.b5 exf4 17.exf4 Be6 18.Qd2 d5 19.bxc6 bxc6 20.cxd5 Nxd5 21.fxg5 Qxg5 
22.Qxg5 hxg5 23.Nxd5 Bxd5 24.Bxd5+ cxd5 1/2-1/2

[Event "20th EUR-ch"]
[Site "Skopje MKD"]
[Date "2019.03.24"]
[Round "6"]
[White "Shubin, Kirill"]
[Black "Veleski, Robert"]
[Result "1-0"]
[WhiteElo "2370"]
[BlackElo "2177"]
[EventDate "2019.03.18"]
[Board "134"]
[PlyCount "101"]

1.e4 g6 2.d4 Bg7 3.Nf3 d6 4.Nc3 a6 5.a4 b6 6.Bc4 e6 7.O-O Ne7 8.Be3 Bb7 9.
d5 e5 10.Qd3 Nd7 11.b4 O-O 12.Qd2 f5 13.Bh6 Bc8 14.Bxg7 Kxg7 15.Ng5 Nf6 
16.f4 exf4 17.exf5 Nxf5 18.Rxf4 h6 19.Ne6+ Bxe6 20.dxe6 d5 21.Bd3 d4 22.
Bxf5 dxc3 23.Qxd8 Rfxd8 24.Bd3 Re8 25.Bc4 Re7 26.Raf1 Rf8 27.R4f3 a5 28.
bxa5 bxa5 29.Bb3 Nh7 30.Rxc3 Rxf1+ 31.Kxf1 Ng5 32.Rc5 Nxe6 33.Rxa5 Nd4 34.
Rc5 c6 35.Rc4 Rd7 36.a5 Kf6 37.Ba4 Ke5 38.c3 Nf5 39.Rc5+ Kf4 40.Ke2 Re7+ 
41.Kd2 Rd7+ 42.Kc1 Ne7 43.Bxc6 Nxc6 44.Rxc6 Kf5 45.a6 Rd5 46.Kb2 Ra5 47.
Kb3 h5 48.Kb4 Ra2 49.Rc5+ Ke6 50.Ra5 Rb2+ 51.Kc4 1-0

[Event "20th EUR-ch"]
[Site "Skopje MKD"]
[Date "2019.03.24"]
[Round "6"]
[White "Jandric, Damjan"]
[Black "Stoyanov, Tsvetan"]
[Result "0-1"]
[WhiteElo "2171"]
[BlackElo "2370"]
[EventDate "2019.03.18"]
[Board "135"]
[PlyCount "62"]

1.e4 c5 2.Nf3 e6 3.g3 Nc6 4.Bg2 Nf6 5.Qe2 d5 6.exd5 Nxd5 7.O-O Be7 8.Rd1 
Bf6 9.c3 O-O 10.d4 cxd4 11.cxd4 Qb6 12.Na3 Nxd4 13.Nxd4 Bxd4 14.Nc4 Qc5 
15.Ne3 Nxe3 16.Bxe3 Bxe3 17.Qxe3 Qa5 18.Qd2 Qa6 19.Qd6 Qb5 20.b3 a5 21.
Rac1 a4 22.Rc7 axb3 23.Bc6 Qg5 24.axb3 bxc6 25.Qxc6 Ba6 26.h4 Qb5 27.Qf3 
Qf5 28.Qc3 Be2 29.Rc1 Bf3 30.Rc5 Bd5 31.Kh2 Qxf2+ 0-1

[Event "20th EUR-ch"]
[Site "Skopje MKD"]
[Date "2019.03.24"]
[Round "6"]
[White "Baenziger, Fabian"]
[Black "Hesse, Henrik"]
[Result "1/2-1/2"]
[WhiteElo "2351"]
[BlackElo "2165"]
[EventDate "2019.03.18"]
[Board "136"]
[PlyCount "70"]

1.c4 Nf6 2.Nc3 e6 3.e4 d5 4.e5 d4 5.exf6 dxc3 6.bxc3 Qxf6 7.d4 b6 8.Be2 
Bb7 9.Bf3 Bxf3 10.Nxf3 Bd6 11.Qa4+ c6 12.O-O O-O 13.Re1 Qd8 14.Bg5 Qc7 15.
c5 bxc5 16.dxc5 Bxc5 17.Rad1 Qb6 18.Rb1 Qa6 19.Qg4 Qd3 20.Rbd1 Qf5 21.Qc4 
Bb6 22.a4 Qc5 23.Qg4 Qxf2+ 24.Kh1 Qc2 25.Qc4 Qf5 26.Re5 Qc2 27.Rc1 Qb2 28.
Re2 Qa3 29.Qg4 Bd8 30.Bh6 Bf6 31.Rf1 Qxc3 32.Ng5 Bxg5 33.Qxg5 Nd7 34.Re3 
Qb2 35.Rg3 g6 1/2-1/2

[Event "20th EUR-ch"]
[Site "Skopje MKD"]
[Date "2019.03.24"]
[Round "6"]
[White "Tomashevskaya, Lidia"]
[Black "Dimic, Pavle"]
[Result "1/2-1/2"]
[WhiteElo "2112"]
[BlackElo "2351"]
[EventDate "2019.03.18"]
[Board "137"]
[PlyCount "58"]

1.e4 c5 2.Nf3 Nc6 3.Bb5 Nf6 4.d3 Qa5+ 5.Nc3 Nd4 6.Bc4 b5 7.Bb3 Nxb3 8.cxb3
b4 9.Na4 d6 10.e5 Nd5 11.O-O Bg4 12.h3 Bh5 13.exd6 e6 14.d7+ Kd8 15.Qe2 
Qc7 16.g4 Bg6 17.Bg5+ f6 18.Qxe6 Qxd7 19.Qxd7+ Kxd7 20.Be3 Nxe3 21.fxe3 
Bd6 22.e4 Rac8 23.Rac1 Bf4 24.Rc2 Be3+ 25.Kg2 Kd6 26.Re1 Bf4 27.d4 cxd4 
28.Nxd4 Be5 29.Rd2 Ke7 1/2-1/2

[Event "20th EUR-ch"]
[Site "Skopje MKD"]
[Date "2019.03.24"]
[Round "6"]
[White "Pogosyan, Stefan"]
[Black "Terziev, Dimo"]
[Result "1/2-1/2"]
[WhiteElo "2347"]
[BlackElo "2041"]
[EventDate "2019.03.18"]
[Board "138"]
[PlyCount "64"]

1.d4 g6 2.c4 Bg7 3.Nc3 Nf6 4.e4 d6 5.Nf3 O-O 6.Be2 e5 7.O-O Nc6 8.d5 Ne7 
9.b4 a5 10.Ba3 axb4 11.Bxb4 b6 12.a4 Re8 13.a5 c5 14.dxc6 Nxc6 15.Bxd6 
Rxa5 16.Rxa5 Nxa5 17.c5 bxc5 18.Bxc5 Qxd1 19.Rxd1 Bg4 20.Bb6 Bxf3 21.Bxf3 
Nc4 22.Bd8 Nb2 23.Rd6 Nc4 24.Rxf6 Rxd8 25.Rc6 Nd6 26.Nd5 Bf8 27.g3 Kg7 28.
Nb6 Nb5 29.Nd5 Nd4 30.Rc3 Rb8 31.Kg2 Rb3 32.Rxb3 Nxb3 1/2-1/2

[Event "20th EUR-ch"]
[Site "Skopje MKD"]
[Date "2019.03.24"]
[Round "6"]
[White "Paszewski, Mateusz"]
[Black "Tarun, Kanyamarala"]
[Result "1/2-1/2"]
[WhiteElo "2340"]
[BlackElo "2027"]
[EventDate "2019.03.18"]
[Board "139"]
[PlyCount "50"]

1.c4 e6 2.g3 d5 3.Nf3 Nf6 4.Bg2 dxc4 5.Qa4+ Bd7 6.Qxc4 c5 7.Ne5 Qc8 8.O-O 
Nc6 9.Nxd7 Qxd7 10.Nc3 Be7 11.d3 O-O 12.Qa4 Rfc8 13.Bd2 a6 14.Rac1 b5 15.
Qd1 Rab8 16.Bf4 Bd6 17.Bg5 Be5 18.b3 Nb4 19.a3 Nbd5 20.Nb1 Nb6 21.Be3 Qd6 
22.Qc2 Bd4 23.Bf4 Be5 24.Be3 Bd4 25.Bf4 Be5 1/2-1/2

[Event "20th EUR-ch"]
[Site "Skopje MKD"]
[Date "2019.03.24"]
[Round "6"]
[White "Azadaliyev, Jahandar"]
[Black "Radovanovic, Dusan"]
[Result "1/2-1/2"]
[WhiteElo "1863"]
[BlackElo "2331"]
[EventDate "2019.03.18"]
[Board "140"]
[PlyCount "86"]

1.d4 g6 2.c4 Bg7 3.Nc3 c5 4.d5 Bxc3+ 5.bxc3 f5 6.g3 Nf6 7.Bg2 Qa5 8.Qc2 d6
9.e3 Nbd7 10.Nf3 Nb6 11.Nd2 Bd7 12.O-O Qa4 13.Qd3 O-O-O 14.Bf3 h5 15.Bd1 
Qa6 16.a4 Nbxd5 17.Be2 Nc7 18.e4 h4 19.Bf3 Ng4 20.Bxg4 fxg4 21.Re1 Rh5 22.
gxh4 Rxh4 23.Nf1 Rh3 24.Qe2 e5 25.Be3 Be6 26.Rad1 Qxc4 27.Qxc4 Bxc4 28.Bg5
Be6 29.Bxd8 Kxd8 30.Re3 Rxe3 31.Nxe3 Kd7 32.Rb1 Kc6 33.c4 Na6 34.f3 gxf3 
35.Kf2 Nb4 36.Rd1 Kd7 37.Kxf3 Nc6 38.Rg1 Bf7 39.h4 Na5 40.Rc1 Nb3 41.Rd1 
Na5 42.Rc1 Nb3 43.Rd1 Na5 1/2-1/2

[Event "20th EUR-ch"]
[Site "Skopje MKD"]
[Date "2019.03.24"]
[Round "6"]
[White "Kozul, Zdenko"]
[Black "Schnabel, Ralf"]
[Result "1-0"]
[WhiteElo "2619"]
[BlackElo "2205"]
[EventDate "2019.03.18"]
[Board "141"]
[PlyCount "127"]

1.Nf3 f5 2.g3 Nf6 3.Bg2 g6 4.O-O Bg7 5.d3 d6 6.c4 O-O 7.Nc3 e5 8.Rb1 h6 9.
b4 g5 10.b5 Nbd7 11.a4 Nc5 12.Ba3 Qe7 13.Nd2 Rb8 14.Nd5 Nxd5 15.cxd5 f4 
16.Bxc5 dxc5 17.Nc4 b6 18.a5 g4 19.axb6 axb6 20.Be4 Qf7 21.Qb3 f3 22.Rfe1 
Kh8 23.exf3 gxf3 24.Re3 Qh5 25.Qd1 Bg4 26.Ra1 Rf7 27.Ra7 Bf8 28.h4 Rd8 29.
Kf1 Bd6 30.Ke1 Rdf8 31.Kd2 Bd7 32.Qb3 Qg4 33.Re1 Qh3 34.Kc3 Rg8 35.Raa1 
Rff8 36.Rh1 Qg4 37.Qb2 Qg7 38.Ra7 Rf7 39.Rha1 Qf6 40.Ra8 Rff8 41.Rxf8 Rxf8
42.Ra7 Qe7 43.Nd2 Qe8 44.Kc4 Rf6 45.Ra1 Kg8 46.Qb3 Kg7 47.Nf1 Rf7 48.Ne3 
Rf6 49.Rb1 Qa8 50.Kc3 c4 51.Nxc4 Bc5 52.Nxe5 Qe8 53.d4 Bd6 54.Kd3 Bxe5 55.
dxe5 Qxe5 56.Qc3 Qd6 57.Kd2 Kf7 58.Rc1 Ke7 59.Qxc7 Qb4+ 60.Ke3 Qxb5 61.
Qe5+ Kf7 62.Bxf3 Rf5 63.Qd4 Qb3+ 64.Qc3 1-0

[Event "20th EUR-ch"]
[Site "Skopje MKD"]
[Date "2019.03.24"]
[Round "6"]
[White "Filip, Lucian-Ioan"]
[Black "Ongut, Tamas Gunes"]
[Result "1-0"]
[WhiteElo "2438"]
[BlackElo "2197"]
[EventDate "2019.03.18"]
[Board "142"]
[PlyCount "37"]

1.Nf3 Nf6 2.c4 e6 3.g3 d5 4.d4 dxc4 5.Bg2 a6 6.O-O Nc6 7.Bg5 Be7 8.e3 O-O 
9.Nbd2 e5 10.Nxe5 Nxe5 11.dxe5 Ng4 12.Bxe7 Qxe7 13.Nxc4 Nxe5 14.Nxe5 Qxe5 
15.Qb3 Qb5 16.Qc3 c6 17.a4 Qh5 18.Rfd1 Be6 19.Rd4 {....40.1-0} 1-0

[Event "20th EUR-ch"]
[Site "Skopje MKD"]
[Date "2019.03.24"]
[Round "6"]
[White "Ivic, Mateo"]
[Black "Tomazini, Zan"]
[Result "1/2-1/2"]
[WhiteElo "2183"]
[BlackElo "2431"]
[EventDate "2019.03.18"]
[Board "143"]
[PlyCount "72"]

1.d4 Nf6 2.Nf3 g6 3.Nc3 d5 4.Bf4 Bg7 5.e3 c6 6.Be2 Nh5 7.Be5 Nf6 8.Bg3 O-O
9.Ne5 Nfd7 10.h4 Nxe5 11.Bxe5 Bxe5 12.dxe5 Nd7 13.Qd4 f6 14.e6 Nb6 15.h5 
g5 16.h6 Bxe6 17.Rh5 Rf7 18.f4 gxf4 19.exf4 Qc8 20.O-O-O Bg4 21.Rh4 Bxe2 
22.Nxe2 c5 23.Qf2 e6 24.Rd3 Kh8 25.Rg4 Qf8 26.Qh4 f5 27.Rg5 Nd7 28.Rdg3 
Nf6 29.Ng1 Ng4 30.Nf3 Rf6 31.Ne5 Rxh6 32.R3xg4 fxg4 33.Qxh6 Qxf4+ 34.Kd1 
Qf1+ 35.Kd2 Qf2+ 36.Kd1 Qf1+ 1/2-1/2

[Event "20th EUR-ch"]
[Site "Skopje MKD"]
[Date "2019.03.24"]
[Round "6"]
[White "Chigaeva, Anastasia"]
[Black "Duzhakov, Ilya"]
[Result "0-1"]
[WhiteElo "2167"]
[BlackElo "2405"]
[EventDate "2019.03.18"]
[Board "144"]
[PlyCount "110"]

1.d4 Nf6 2.c4 e6 3.Nf3 b6 4.g3 Ba6 5.Qa4 Bb7 6.Bg2 c5 7.dxc5 Bxc5 8.O-O 
O-O 9.Nc3 Be7 10.Bf4 Na6 11.Rad1 Nc5 12.Qc2 Nce4 13.Nb5 a6 14.Nd6 Nxd6 15.
Bxd6 Bxd6 16.Rxd6 Qc7 17.Rd4 Rac8 18.b3 d5 19.Qb2 e5 20.Rdd1 dxc4 21.bxc4 
Rfe8 22.e3 Rb8 23.Rc1 Nd7 24.Rfd1 Nc5 25.Qd2 Rbd8 26.Qc3 Rc8 27.a3 Bc6 28.
Nh4 Bxg2 29.Nxg2 Qc6 30.Rd5 b5 31.Ne1 Na4 32.Qa1 f6 33.Nd3 bxc4 34.Nb4 Qe6
35.Ra5 Nc5 36.Qc3 Ne4 37.Qc2 Qg4 38.Qd1 Qf5 39.Qe2 Kh8 40.Rxa6 Rcd8 41.Rc2
c3 42.Nd3 Ng5 43.Ne1 Qc8 44.Rb6 Qa8 45.h4 Ne4 46.Nd3 Qxa3 47.Ra2 Qe7 48.
Ra4 f5 49.Ra2 Qd7 50.Ne1 Qc7 51.Rba6 Rd2 52.Qb5 Red8 53.Ra7 Qd6 54.Qb7 Qf8
55.Nf3 c2 0-1

[Event "20th EUR-ch"]
[Site "Skopje MKD"]
[Date "2019.03.24"]
[Round "6"]
[White "Lahav, Michal"]
[Black "Kalogeris, Ioannis"]
[Result "0-1"]
[WhiteElo "2158"]
[BlackElo "2368"]
[EventDate "2019.03.18"]
[Board "145"]
[PlyCount "52"]

1.Nf3 c5 2.g3 Nf6 3.Bg2 Nc6 4.O-O e5 5.d3 Be7 6.c4 d5 7.cxd5 Nxd5 8.Nc3 
Nc7 9.Be3 O-O 10.Na4 b6 11.Rc1 Nd5 12.Bd2 Be6 13.b4 Ndxb4 14.Bxb4 Nxb4 15.
Nxe5 Nxa2 16.Bxa8 Nxc1 17.Bg2 Na2 18.Nc6 Qd7 19.f4 Bf6 20.e4 Qxc6 21.e5 
Bd5 22.Bxd5 Qxd5 23.exf6 Qd4+ 24.Rf2 Nb4 25.fxg7 Rd8 26.Nb2 c4 0-1

[Event "20th EUR-ch"]
[Site "Skopje MKD"]
[Date "2019.03.24"]
[Round "6"]
[White "Klabis, Rokas"]
[Black "Karaoglan, Doruk"]
[Result "1/2-1/2"]
[WhiteElo "2333"]
[BlackElo "2197"]
[EventDate "2019.03.18"]
[Board "146"]
[PlyCount "72"]

1.e4 c5 2.Nf3 d6 3.Bb5+ Nd7 4.d4 cxd4 5.Qxd4 a6 6.Bxd7+ Bxd7 7.c4 e5 8.Qd3
b5 9.Nc3 Qb8 10.O-O Qb7 11.Rd1 bxc4 12.Qxc4 Rc8 13.Qd3 h6 14.Nd2 Bb5 15.
Nxb5 Qxb5 16.Qxb5+ axb5 17.a4 bxa4 18.Rxa4 Nf6 19.Nf1 Be7 20.Ne3 g6 21.f3 
Kd7 22.Nc4 Ke6 23.b3 Rc6 24.Be3 g5 25.Rd3 Rb8 26.h4 Rg8 27.hxg5 hxg5 28.g4
d5 29.exd5+ Nxd5 30.Ra5 Rd8 31.Bf2 f6 32.Ra7 Nf4 33.Rxd8 Bxd8 34.Be3 Nd5 
35.Bf2 Be7 36.Kf1 Nf4 1/2-1/2

[Event "20th EUR-ch"]
[Site "Skopje MKD"]
[Date "2019.03.24"]
[Round "6"]
[White "Injac, Teodora"]
[Black "De Seroux, Camille"]
[Result "1/2-1/2"]
[WhiteElo "2329"]
[BlackElo "2160"]
[EventDate "2019.03.18"]
[Board "147"]
[PlyCount "60"]

1.d4 Nf6 2.Nf3 e6 3.e3 b6 4.Bd3 Bb7 5.O-O c5 6.c4 Be7 7.Nc3 cxd4 8.exd4 d5
9.cxd5 ( 9.Ne5 O-O 10.cxd5 Nxd5 ) 9...Nxd5 10.Ne5 O-O 11.Qg4 f5 12.Qe2 Nc7
13.Rd1 Nc6 14.Nxc6 Bxc6 15.Bf4 Bd6 16.Be5 Bxe5 17.Qxe5 Kh8 18.Rac1 Qd7 19.
Bc4 Rfe8 20.h4 Rad8 21.Ne2 Nd5 22.Qg3 Qd6 23.Qg5 h6 24.Qd2 Qe7 25.Nf4 Kh7 
26.Nxd5 Bxd5 27.Bb5 Rf8 28.Qf4 Rc8 29.Rxc8 Rxc8 30.Qe3 Rd8 1/2-1/2